000 00617nam a2200193Ia 4500
003 LDD
008 190117s9999 xx 000 0 und d
020 _a9788189918675
_c₹150
040 _cLDD
041 _ahi
082 _a8H1.71 मं3666घ
100 _aमंडलोई, लीलाधर
245 0 _aघर घर घूमा
_cलीलाधर मंडलोई
260 _aदिल्ली
_bशिल्पायन
_c2011
300 _a119p.
901 _aVANI
904 _aReqst by : Jitendra Kumar Srivasta
942 _2ddc
_cH
999 _c165692
_d165692